[Event "Tema op 7th"]
[Site "Tema"]
[Date "2022.01.08"]
[Round "4"]
[White "Thompson, Edward Nii Lamptey"]
[Black "Frempong, Smart Daniel"]
[Result "1-0"]
[WhiteElo "1704"]
[BlackElo "1552"]
[PlyCount "65"]
[EventDate "2022.01.07"]
[EventType "swiss"]
[EventRounds "7"]
[EventCountry "GHA"]
[SourceTitle "EXT 2023"]
[Source "ChessBase"]
[SourceDate "2022.10.05"]
[SourceVersion "1"]
[SourceVersionDate "2022.10.05"]
[SourceQuality "1"]

1. e4 d5 2. exd5 Qxd5 3. Nc3 Qd6 4. d4 Nf6 5. Nf3 a6 6. h3 Bf5 7. Bg5 Nbd7 8. Bh4 e6 9. Bd3 Bxd3 10. Qxd3 c5 11. Bg3 Qc6 12. 0-0 Bd6 13. Ne5 Qc7 14. Nxd7 Qxd7 15. Bh4 cxd4 16. Bxf6 dxc3 17. Bxc3 0-0 18. Rad1 Rfd8 19. Be5 Qa4 20. Bxd6 Qxa2 21. Qa3 Qc4 22. Rd2 Rd7 23. Rfd1 Rad8 24. Qg3 g6 25. b3 Qc6 26. c4 b6 27. Bb4 Rxd2 28. Rxd2 Rxd2 29. Bxd2 Kg7 30. Bc3+ f6 31. Qf3 Qxf3 32. gxf3 a5 33. Bd4 1-0

[Event "GHA-ch"]
[Site "Accra"]
[Date "2017.12.28"]
[Round "5"]
[White "Thompson, Edward Nii Lamptey"]
[Black "Hasford, John Kojo"]
[Result "0-1"]
[WhiteElo "1849"]
[BlackElo "2021"]
[PlyCount "52"]
[EventDate "2017.12.26"]
[EventType "tourn"]
[EventRounds "9"]
[EventCountry "GHA"]
[SourceTitle "EXT 2019"]
[Source "ChessBase"]
[SourceDate "2018.10.10"]
[SourceVersion "1"]
[SourceVersionDate "2018.10.10"]
[SourceQuality "1"]

1. d4 d5 2. c4 c6 3. Nc3 Nf6 4. Bg5 e6 5. e3 Be7 6. Nf3 Nbd7 7. Bd3 h6 8. Bh4 0-0 9. 0-0 Re8 10. Rc1 Nf8 11. c5 b6 12. b4 a5 13. bxa5 bxc5 14. dxc5 Rxa5 15. Na4 N6d7 16. Bxe7 Qxe7 17. Nd4 Bb7 18. Qb3 Ra7 19. Qb4 Rb8 20. Nb6 Ba8 21. Qc3 Nxb6 22. cxb6 Rxb6 23. Rfe1 Ra3 24. Qd2 e5 25. Nf5 Qc7 26. Bf1 c5 0-1

[Event "GHA-ch"]
[Site "Accra"]
[Date "2017.12.26"]
[Round "1"]
[White "Thompson, Edward Nii Lamptey"]
[Black "Bonsu, Kwadwo Owusu Bempa"]
[Result "1-0"]
[WhiteElo "1849"]
[BlackElo "1845"]
[PlyCount "87"]
[EventDate "2017.12.26"]
[EventType "tourn"]
[EventRounds "9"]
[EventCountry "GHA"]
[SourceTitle "EXT 2019"]
[Source "ChessBase"]
[SourceDate "2018.10.10"]
[SourceVersion "1"]
[SourceVersionDate "2018.10.10"]
[SourceQuality "1"]

1. d4 Nf6 2. Nf3 e6 3. c4 d5 4. Nc3 Be7 5. Bg5 0-0 6. e3 Nbd7 7. Bd3 h6 8. Bh4 c6 9. 0-0 dxc4 10. Bxc4 Nd5 11. Bxe7 Qxe7 12. Ne2 f5 13. a3 b5 14. Ba2 a5 15. Qd2 Bb7 16. Bxd5 cxd5 17. Rfc1 Rfc8 18. Rxc8+ Bxc8 19. Rc1 b4 20. a4 Ba6 21. Nf4 g5 22. Ng6 Qd6 23. Nfe5 Nxe5 24. Nxe5 Rc8 25. Rxc8+ Bxc8 26. Qc2 Ba6 27. g4 Qf8 28. gxf5 Qxf5 29. Qxf5 exf5 30. Nc6 Kf7 31. Nxa5 Bc4 32. Nb7 Ke7 33. f3 Kd7 34. Kf2 Kc7 35. Nc5 b3 36. Kg3 Kb6 37. h4 Ka5 38. hxg5 hxg5 39. Ne6 g4 40. fxg4 fxg4 41. Kxg4 Kxa4 42. Kf4 Kb5 43. Ke5 Kc6 44. Nf4 1-0

[Event "Dreamfort Strongbow op 2nd"]
[Site "Dreamfort"]
[Date "2017.07.30"]
[Round "7"]
[White "Thompson, Edward Nii Lamptey"]
[Black "Ajavon, Anthony Obieni"]
[Result "0-1"]
[WhiteElo "1869"]
[BlackElo "1606"]
[PlyCount "74"]
[EventDate "2017.07.28"]
[EventType "swiss"]
[EventRounds "7"]
[EventCountry "GHA"]
[SourceTitle "EXT 2020"]
[Source "ChessBase"]
[SourceDate "2019.10.17"]
[SourceVersion "1"]
[SourceVersionDate "2019.10.17"]
[SourceQuality "1"]

1. e4 e6 2. d3 d5 3. Nd2 Nc6 4. Ngf3 Nf6 5. g3 h6 6. Bg2 Bd6 7. 0-0 0-0 8. c3 b6 9. Qc2 dxe4 10. dxe4 e5 11. Re1 a5 12. a3 Be6 13. b3 Qd7 14. Bb2 a4 15. b4 Rfe8 16. c4 Bg4 17. Rac1 Bxb4 18. axb4 Nxb4 19. Qb1 Nd3 20. Qc2 Nxe1 21. Rxe1 Qd6 22. h3 Bxf3 23. Nxf3 a3 24. Ba1 Rad8 25. Kh2 Qc5 26. Re2 Re6 27. h4 Ng4+ 28. Kh3 h5 29. Ng5 Rc6 30. Bf3 f6 31. Bxg4 hxg4+ 32. Kxg4 fxg5 33. Kxg5 b5 34. Rd2 Rxd2 35. Qxd2 Qd6 36. Qxd6 cxd6 37. cxb5 Rc1 0-1

[Event "GHA-ch"]
[Site "Accra"]
[Date "2016.12.17"]
[Round "2"]
[White "Senyegah, Paul"]
[Black "Thompson, Edward Nii Lamptey"]
[Result "0-1"]
[WhiteElo "1615"]
[BlackElo "1859"]
[PlyCount "47"]
[EventDate "2016.12.17"]
[EventType "tourn"]
[EventRounds "9"]
[EventCountry "GHA"]
[SourceTitle "CBM 176 Extra"]
[Source "ChessBase"]
[SourceDate "2017.03.02"]
[SourceVersion "1"]
[SourceVersionDate "2017.03.02"]
[SourceQuality "1"]

1. e4 c5 2. Nf3 d6 3. g3 Nf6 4. d3 Nc6 5. Bg2 Bg4 6. h3 Be6 7. 0-0 h6 8. Nbd2 g5 9. c3 Qd7 10. Kh2 g4 11. Ng1 h5 12. f4 gxh3 13. Bf3 Bg4 14. Nc4 h4 15. e5 hxg3+ 16. Kxg3 h2 17. Ne2 Bxf3 18. Kxf3 Qh3+ 19. Ng3 Nh5 20. Qe1 Nxg3 21. Nxd6+ Kd7 22. Qxg3 Qxf1+ 23. Ke4 h1Q+ 24. Kf5 0-1

[Event "Olympiad-42"]
[Site "Baku"]
[Date "2016.09.10"]
[Round "8.4"]
[White "Thompson, Edward Nii Lamptey"]
[Black "Schenaoui, Nabil"]
[Result "0-1"]
[WhiteElo "1889"]
[BlackElo "2150"]
[PlyCount "108"]
[EventDate "2016.09.02"]
[EventType "team-swiss"]
[EventRounds "11"]
[EventCountry "AZE"]
[SourceTitle "CBM 175"]
[Source "ChessBase"]
[SourceDate "2016.11.10"]
[SourceVersion "1"]
[SourceVersionDate "2016.11.10"]
[SourceQuality "1"]
[WhiteTeam "Ghana"]
[BlackTeam "Tunisia"]
[WhiteTeamCountry "GHA"]
[BlackTeamCountry "TUN"]

1. e4 d6 2. d4 Nf6 3. Nc3 Nbd7 4. f4 e5 5. Nf3 exd4 6. Qxd4 c6 7. Be2 Be7 8. 0-0 d5 9. Kh1 Bc5 10. Qd3 Ng4 11. Nd1 dxe4 12. Qxe4+ Kf8 13. Ne5 Ngxe5 14. fxe5 Qe7 15. Bf4 Bd6 16. Nc3 Bxe5 17. Bc4 Bxc3 18. Qxe7+ Kxe7 19. bxc3 Nb6 20. Bb3 Nd5 21. Bg3 Be6 22. c4 Nb6 23. c5 Nd5 24. Rfe1 Kd7 25. Rad1 Kc8 26. h3 h5 27. a4 g5 28. Rd4 h4 29. Be5 Re8 30. Kg1 b6 31. Bxd5 Bxd5 32. cxb6 axb6 33. Kf2 Ra5 34. Rg4 Rg8 35. Rb4 Ra6 36. Reb1 Kd7 37. c4 Be4 38. R1b2 Ke6 39. Bh2 f5 40. Bc7 g4 41. Bxb6 gxh3 42. gxh3 Rg2+ 43. Kf1 Rxb2 44. Rxb2 Rxa4 45. Bd8 Rxc4 46. Kf2 Rc3 47. Rb7 Rxh3 48. Rh7 Rh2+ 49. Kg1 Rh1+ 50. Kf2 h3 51. Bc7 c5 52. Bf4 c4 53. Rc7 Bd3 54. Ke3 h2 0-1

[Event "Olympiad-42"]
[Site "Baku"]
[Date "2016.09.04"]
[Round "3.4"]
[White "Antoniou, Antonis"]
[Black "Thompson, Edward Nii Lamptey"]
[Result "1-0"]
[WhiteElo "2172"]
[BlackElo "1889"]
[PlyCount "115"]
[EventDate "2016.09.02"]
[EventType "team-swiss"]
[EventRounds "11"]
[EventCountry "AZE"]
[SourceTitle "CBM 175"]
[Source "ChessBase"]
[SourceDate "2016.11.10"]
[SourceVersion "1"]
[SourceVersionDate "2016.11.10"]
[SourceQuality "1"]
[WhiteTeam "Cyprus"]
[BlackTeam "Ghana"]
[WhiteTeamCountry "CYP"]
[BlackTeamCountry "GHA"]

1. e4 e6 2. d3 d5 3. Nd2 dxe4 4. dxe4 e5 5. Ngf3 Nd7 6. Bc4 Bd6 7. 0-0 Ngf6 8. Re1 0-0 9. Nf1 h6 10. Ng3 Nb6 11. Bb3 c5 12. c3 c4 13. Bc2 Be6 14. h3 Bc7 15. Qe2 Qe8 16. Nh4 Kh7 17. Nhf5 Ng8 18. Rd1 f6 19. Be3 Qc6 20. Rd2 Rad8 21. Rad1 g6 22. Rxd8 Rxd8 23. Rxd8 Bxd8 24. Nxh6 Nxh6 25. Bxh6 Kxh6 26. Qd2+ Kg7 27. Qxd8 Qd7 28. Qxd7+ Nxd7 29. Nf1 f5 30. Nd2 Nc5 31. Kf1 b6 32. Ke2 Kf6 33. b4 Nb7 34. g3 Nd6 35. h4 Nb5 36. Nb1 Nd6 37. Ke3 Bd7 38. exf5 gxf5 39. f4 Bc6 40. Nd2 Bd5 41. a4 Bc6 42. fxe5+ Kxe5 43. Nf3+ Bxf3 44. Kxf3 Ne8 45. g4 fxg4+ 46. Kxg4 Nf6+ 47. Kg5 a6 48. Bf5 Ne4+ 49. Bxe4 Kxe4 50. h5 Kd3 51. h6 Kxc3 52. h7 Kxb4 53. h8Q Kxa4 54. Qa1+ Kb4 55. Qb2+ Kc5 56. Kf4 b5 57. Ke4 a5 58. Qa3+ 1-0

[Event "GHA-ch"]
[Site "Accra"]
[Date "2016.05.01"]
[Round "6"]
[White "Attah, Elikem Kofi"]
[Black "Thompson, Edward Nii Lamptey"]
[Result "1-0"]
[WhiteElo "1745"]
[BlackElo "1890"]
[PlyCount "62"]
[EventDate "2016.04.28"]
[EventType "tourn"]
[EventRounds "9"]
[EventCountry "GHA"]
[SourceTitle "EXT 2017"]
[Source "ChessBase"]
[SourceDate "2016.10.25"]
[SourceVersion "1"]
[SourceVersionDate "2016.10.25"]
[SourceQuality "1"]

1. d4 Nf6 2. Nf3 g6 3. c4 Bg7 4. Nc3 d6 5. e4 0-0 6. Be2 Nc6 7. Bg5 h6 8. Bh4 Bg4 9. h3 Bxf3 10. Bxf3 e5 11. d5 Nd4 12. 0-0 c6 13. Re1 Qc7 14. Re3 a5 15. Ne2 Nxf3+ 16. Rxf3 Nxe4 17. Rc1 f5 18. Nc3 Nc5 19. Re3 g5 20. Bg3 f4 21. Bxf4 gxf4 22. Re1 Rae8 23. Qf3 Rf6 24. Re2 Ref8 25. Kh2 R8f7 26. Rh1 Nd7 27. Ne4 Rf5 28. dxc6 bxc6 29. Rd1 Bf8 30. Qg4+ Kh7 31. Red2 Nf6 1-0

[Event "GHA-ch"]
[Site "Accra"]
[Date "2016.04.30"]
[Round "4"]
[White "Okaitei, Christopher"]
[Black "Thompson, Edward Nii Lamptey"]
[Result "0-1"]
[WhiteElo "1465"]
[BlackElo "1890"]
[PlyCount "60"]
[EventDate "2016.04.28"]
[EventType "tourn"]
[EventRounds "9"]
[EventCountry "GHA"]
[SourceTitle "EXT 2017"]
[Source "ChessBase"]
[SourceDate "2016.10.25"]
[SourceVersion "1"]
[SourceVersionDate "2016.10.25"]
[SourceQuality "1"]

1. d4 Nf6 2. c4 g6 3. Nc3 d5 4. e3 Bg7 5. Nf3 0-0 6. Be2 dxc4 7. Bxc4 c5 8. dxc5 Qa5 9. 0-0 Qxc5 10. Qb3 Nc6 11. Na4 Qh5 12. Be2 b6 13. Bd2 Be6 14. Qc2 Rac8 15. Nc3 Rfd8 16. Nd4 Nxd4 17. exd4 Qxe2 18. Rae1 Qg4 19. Be3 Qh5 20. f3 Nd5 21. Bf2 Nb4 22. Qa4 Nd3 23. Re2 Nxf2 24. Rexf2 Bxd4 25. Qxa7 Qc5 26. Qa4 Bxf2+ 27. Rxf2 Rd2 28. Ne4 Qxf2+ 29. Nxf2 Rc1+ 30. Nd1 Rcxd1+ 0-1

[Event "GHA-ch"]
[Site "Accra"]
[Date "2016.04.30"]
[Round "5"]
[White "Thompson, Edward Nii Lamptey"]
[Black "Kpodo, Evans Mawuko"]
[Result "1-0"]
[WhiteElo "1890"]
[BlackElo "1746"]
[PlyCount "99"]
[EventDate "2016.04.28"]
[EventType "tourn"]
[EventRounds "9"]
[EventCountry "GHA"]
[SourceTitle "EXT 2017"]
[Source "ChessBase"]
[SourceDate "2016.10.25"]
[SourceVersion "1"]
[SourceVersionDate "2016.10.25"]
[SourceQuality "1"]

1. e4 c5 2. Nf3 d6 3. d4 cxd4 4. Nxd4 Nf6 5. Nc3 e5 6. Nb3 a6 7. f3 h6 8. Be3 b5 9. Qd2 Bb7 10. 0-0-0 Be7 11. g4 Nbd7 12. Qf2 Qc7 13. h4 Nc5 14. Kb1 Nxb3 15. axb3 Bc6 16. Bh3 a5 17. g5 Nh5 18. Bg4 Nf4 19. Bxf4 exf4 20. Qd4 Bf8 21. Nd5 Qa7 22. Qxa7 Rxa7 23. Nxf4 Be7 24. g6 Bd7 25. gxf7+ Kxf7 26. Bh5+ g6 27. Nxg6 Rg8 28. e5 Bf5 29. Nxe7+ Kxe7 30. exd6+ Kf6 31. Bg4 a4 32. Bxf5 axb3 33. cxb3 Kxf5 34. Rhe1 Rd8 35. Rd5+ Kf4 36. Rd3 Rad7 37. Re4+ Kg3 38. Re6 Rf7 39. Rxh6 Rxf3 40. Rg6+ Kf2 41. Rxf3+ Kxf3 42. h5 Ke4 43. Kc2 Rc8+ 44. Kd2 Kf5 45. Kd3 Rh8 46. d7 Rd8 47. Rg7 Ke6 48. h6 Kf6 49. Kc3 b4+ 50. Kxb4 1-0

[Event "GHA-ch"]
[Site "Accra"]
[Date "2015.12.18"]
[Round "5"]
[White "Thompson, Edward Nii Lamptey"]
[Black "Kpodo, Evans Mawuko"]
[Result "1-0"]
[WhiteElo "1877"]
[BlackElo "1738"]
[PlyCount "57"]
[EventDate "2015.12.16"]
[EventType "tourn"]
[EventRounds "9"]
[EventCountry "GHA"]
[SourceTitle "CBM 170 Extra"]
[Source "ChessBase"]
[SourceDate "2016.02.25"]
[SourceVersion "1"]
[SourceVersionDate "2016.02.25"]
[SourceQuality "1"]

1. d4 Nf6 2. c4 e6 3. Nf3 Bb4+ 4. Nc3 Ne4 5. Qb3 c5 6. Bf4 Nc6 7. e3 g5 8. Bg3 Bxc3+ 9. bxc3 Nxg3 10. hxg3 cxd4 11. cxd4 Qa5+ 12. Nd2 Qb4 13. Qc2 h6 14. Rb1 Qe7 15. c5 d6 16. Ne4 d5 17. Nd6+ Kf8 18. Bb5 Qc7 19. Qa4 Kg7 20. Ke2 Bd7 21. f4 f6 22. Qc2 f5 23. Rh2 g4 24. Rh4 a6 25. Bd3 b5 26. Bxf5 exf5 27. Nxf5+ Kf6 28. Nxh6 Rae8 29. Kf2 1-0

[Event "Accra President's Cup 5th"]
[Site "Accra"]
[Date "2015.07.04"]
[Round "7"]
[White "Thompson, Edward Nii Lamptey"]
[Black "Anquandah, Francis Eric"]
[Result "0-1"]
[WhiteElo "1890"]
[BlackElo "1966"]
[PlyCount "150"]
[EventDate "2015.07.01"]
[EventType "swiss"]
[EventRounds "9"]
[EventCountry "GHA"]
[SourceTitle "EXT 2018"]
[Source "ChessBase"]
[SourceDate "2017.10.13"]
[SourceVersion "1"]
[SourceVersionDate "2017.10.13"]
[SourceQuality "1"]

1. c4 e5 2. Nc3 Bb4 3. d3 Bxc3+ 4. bxc3 Nf6 5. g3 0-0 6. Bg2 d6 7. Qc2 Nc6 8. e4 Be6 9. Ne2 Qd7 10. 0-0 Bh3 11. a4 b6 12. Rd1 Bxg2 13. Kxg2 Na5 14. h3 Rae8 15. g4 Re6 16. Ng3 g6 17. Ra2 Rfe8 18. Bh6 c6 19. Qe2 Kh8 20. Bg5 Ng8 21. Be3 Rd8 22. g5 c5 23. h4 Ne7 24. Rh1 Kg7 25. h5 Rh8 26. d4 Nc8 27. d5 Ree8 28. h6+ Kf8 29. Nf1 Qe7 30. Rh3 Qd7 31. Nh2 Rd8 32. Ng4 Nxc4 33. Nf6 Nxe3+ 34. fxe3 Qc7 35. c4 Ne7 36. Rf3 Ng8 37. Ng4 Qe7 38. Nf6 Nxf6 39. Rxf6 Ke8 40. Qb2 Qd7 41. Kg3 Ke7 42. Qb3 Rb8 43. Raf2 Rhf8 44. Qd1 Rb7 45. Qf1 Ke8 46. Qd1 Ke7 47. Qf3 Ke8 48. Re6+ Kd8 49. Qf6+ Kc8 50. Qg7 Qd8 51. Ref6 Rg8 52. Qxh7 Rh8 53. Qg7 Rg8 54. Rh2 Rd7 55. h7 Rxg7 56. h8Q Qxh8 57. Rxh8+ Kb7 58. Rh2 Ka6 59. Rf1 Ka5 60. Rb1 Rg8 61. Rb5+ Ka6 62. a5 Rb8 63. Ra2 Kb7 64. a6+ Kc7 65. Rh2 Rf8 66. Rh6 Rdd8 67. Rb2 Kd7 68. Rf2 Ke7 69. Kg4 Rh8 70. Rfh2 Rxh6 71. gxh6 f6 72. h7 Rh8 73. Rh1 Kf7 74. Kg3 Kg7 75. Rb1 Kxh7 0-1

[Event "Accra President's Cup 5th"]
[Site "Accra"]
[Date "2015.07.02"]
[Round "2"]
[White "Manan, Yoboue Hermann"]
[Black "Thompson, Edward Nii Lamptey"]
[Result "1-0"]
[WhiteElo "2092"]
[BlackElo "1890"]
[PlyCount "54"]
[EventDate "2015.07.01"]
[EventType "swiss"]
[EventRounds "9"]
[EventCountry "GHA"]
[SourceTitle "EXT 2018"]
[Source "ChessBase"]
[SourceDate "2017.10.13"]
[SourceVersion "1"]
[SourceVersionDate "2017.10.13"]
[SourceQuality "1"]

1. e4 c5 2. Nf3 Nc6 3. Bb5 a6 4. Bxc6 dxc6 5. 0-0 Nf6 6. Nc3 e6 7. a4 Be7 8. Qe2 b6 9. Rd1 Qc7 10. d3 c4 11. h3 h6 12. Nh4 0-0 13. Nf5 Kh7 14. Rf1 Ng8 15. f4 Bf6 16. Ng3 g6 17. Be3 a5 18. f5 Qe7 19. Qf3 Bg7 20. Nb1 Ba6 21. Nd2 Rad8 22. Nh1 Rd6 23. Nf2 Nf6 24. Nd1 Qd8 25. b3 Nh5 26. Nc3 Nf4 27. Ndb1 Rd7 1-0

[Event "Olympiad-41"]
[Site "Tromsoe"]
[Date "2014.08.05"]
[Round "4.4"]
[White "Thompson, Edward Nii Lamptey"]
[Black "Hague, Ben"]
[Result "1/2-1/2"]
[WhiteElo "1854"]
[BlackElo "2320"]
[PlyCount "121"]
[EventDate "2014.08.02"]
[EventType "team-swiss"]
[EventRounds "11"]
[EventCountry "NOR"]
[SourceTitle "CBM 162"]
[Source "ChessBase"]
[SourceDate "2014.09.17"]
[SourceVersion "1"]
[SourceVersionDate "2014.09.17"]
[SourceQuality "1"]
[WhiteTeam "Ghana"]
[BlackTeam "New Zealand"]
[WhiteTeamCountry "GHA"]
[BlackTeamCountry "NZL"]

1. d4 Nf6 2. c4 e6 3. Nf3 Bb4+ 4. Bd2 c5 5. a3 Bxd2+ 6. Nbxd2 cxd4 7. Nxd4 0-0 8. g3 e5 9. N4b3 d5 10. cxd5 Qxd5 11. Nf3 Qb5 12. e3 Qb6 13. Qc2 Nc6 14. Bg2 Qb5 15. Nfd2 Be6 16. Qc5 Qa4 17. Qc3 Nd5 18. Bxd5 Bxd5 19. e4 Bxb3 20. Qxb3 Qa5 21. Qc3 Qa6 22. Qc4 b5 23. Qa2 Rfd8 24. b4 Nd4 25. Nb3 Nf3+ 26. Kf1 Qe6 27. Kg2 Ng5 28. h4 Nxe4 29. Rhe1 Qf5 30. Qe2 Nf6 31. Qxe5 Qc2 32. Nc5 Rd2 33. Qe3 h5 34. Rac1 Qa2 35. Ra1 Ng4 36. Qe8+ Rxe8 37. Rxe8+ Kh7 38. Rxa2 Rxa2 39. Ne4 Rxa3 40. Re7 Kg6 41. Ng5 f6 42. Ne6 Ra2 43. Rxg7+ Kf5 44. Nd4+ Ke4 45. Nxb5 Rxf2+ 46. Kg1 Kf3 47. Rxa7 Kxg3 48. Ra3+ Kxh4 49. Nd4 Rb2 50. Rb3 Rxb3 51. Nxb3 Kg3 52. Nd2 h4 53. b5 f5 54. b6 Ne5 55. b7 Nd7 56. Nf1+ Kf3 57. Kh2 Kf2 58. Kh3 Kxf1 59. Kxh4 Ke2 60. Kg5 Kd3 61. Kxf5 1/2-1/2